[Event "FIDE World Cup"]
[Site "Khanty-Mansiysk"]
[Date "2007.11.28"]
[Round "2.2"]
[White "Naiditsch, Arkadij"]
[Black "Carlsen, Magnus"]
[Result "1/2-1/2"]
[WhiteElo "2639"]
[BlackElo "2714"]
[PlyCount "41"]
[EventDate "2007.11.24"]
[EventType "k.o."]
[EventRounds "7"]
[EventCountry "RUS"]
[SourceTitle "CBM 122"]
[Source "ChessBase"]
[SourceDate "2008.01.30"]
[SourceVersion "1"]
[SourceVersionDate "2008.01.30"]
[SourceQuality "1"]

1. e4 e5 2. Nf3 Nc6 3. d4 exd4 4. Nxd4 Bc5 5. Be3 Qf6 6. c3 Nge7 7. Bc4 Ne5 8. Be2 Qg6 9. O-O d6 10. Kh1 O-O 11. Nd2 d5 12. Bh5 Qd6 13. f4 Bxd4 14. cxd4 N5c6 15. f5 f6 16. Qg4 Kh8 17. Rf3 $146 ({RR} 17. Qh4 Ng8 18. Rac1 Qd8 19. Nb3 Nce7 20. Nc5 c6 21. Qf4 dxe4 22. Qxe4 Qd5 23. Bf3 Qxa2 24. g4 Qa5 25. Bf2 Nd5 26. Rfe1 Qd8 27. Qc2 Nge7 28. Qb3 Nb6 29. Re2 Ned5 30. Rce1 a5 31. Bg3 a4 {Iakymov,V (2363)-Borisek,J (2443) Balatonlelle 2003 ½-½ (67)}) 17... dxe4 18. Nxe4 Qd5 19. Raf1 Nxf5 20. Rxf5 Qxa2 21. Bg6 1/2-1/2

[Event "FIDE World Cup"]
[Site "Khanty-Mansiysk"]
[Date "2007.11.29"]
[Round "2.4"]
[White "Naiditsch, Arkadij"]
[Black "Carlsen, Magnus"]
[Result "0-1"]
[WhiteElo "2639"]
[BlackElo "2714"]
[PlyCount "92"]
[EventDate "2007.11.24"]
[EventType "k.o."]
[EventRounds "7"]
[EventCountry "RUS"]
[SourceTitle "CBM 122"]
[Source "ChessBase"]
[SourceDate "2008.01.30"]
[SourceVersion "1"]
[SourceVersionDate "2008.01.30"]
[SourceQuality "1"]

1. e4 e5 2. Nf3 Nc6 3. Bb5 a6 4. Ba4 Nf6 5. d3 b5 6. Bb3 Be7 7. a4 Rb8 8. axb5 axb5 9. Nc3 O-O 10. Nd5 Nxd5 11. exd5 Nd4 12. Nxd4 exd4 13. O-O d6 14. Bd2 Bd7 15. Ra5 Rb7 $146 ({RR} 15... Re8 16. Re1 Ra8 17. Qa1 Kf8 18. Re4 Bf5 19. Re1 Qb8 20. Qa3 Rxa5 21. Qxa5 Bd8 22. Rxe8+ Kxe8 23. Qa3 Qb7 24. f3 h5 25. Be1 Bf6 26. Bf2 Kf8 27. Ba2 Bc8 28. Qa5 Bd7 29. b4 Bc8 30. Kf1 {Naiditsch,A (2676)-Delchev,A (2628) Fuegen 2006 ½-½ (68)}) ({RR} 15... Ra8 16. Qa1 Qc8 17. Qa2 Qb7 18. Ra1 Rxa5 19. Qxa5 Rc8 20. Qa7 Qxa7 21. Rxa7 Kf8 22. Ba5 Bd8 23. Kf1 f5 24. Ke2 Ke8 25. f4 h6 26. Kd2 g5 27. g3 Ke7 28. c4 dxc3+ 29. bxc3 Ke8 30. d4 {Bacrot,E (2705)-Gustafsson,J (2606) Germany 2007 ½-½ (58)}) 16. Re1 Bg5 17. Re4 Bf6 18. Qa1 Bf5 19. Re1 Be5 20. h3 Qh4 21. Qd1 Bd7 22. Qf3 Re8 23. Re4 Qd8 24. Qd1 h6 25. f4 Bf6 26. Rxe8+ Qxe8 27. Qe1 Qb8 28. Qa1 Qe8 29. Ra8 Rb8 30. Ra7 Rc8 31. Qe1 Qd8 32. Ba5 h5 33. Kh2 h4 34. Qb4 Be8 35. c4 dxc3 36. bxc3 g6 37. Bd1 Kg7 38. Rb7 Bd7 39. Rxc7 Rxc7 40. Qxd6 Qe8 41. Bxc7 Qe1 42. f5 Bxf5 43. Bg4 Bxc3 44. Qf4 Bxd3 45. Bf3 b4 46. Bb8 b3 0-1

[Event "FIDE World Cup"]
[Site "Khanty-Mansiysk"]
[Date "2007.11.30"]
[Round "3.1"]
[White "Dominguez Perez, Leinier"]
[Black "Carlsen, Magnus"]
[Result "1/2-1/2"]
[WhiteElo "2683"]
[BlackElo "2714"]
[Annotator "Marin,Mihail"]
[PlyCount "89"]
[EventDate "2007.11.24"]
[EventType "k.o."]
[EventRounds "7"]
[EventCountry "RUS"]
[SourceTitle "CBM 122"]
[Source "ChessBase"]
[SourceDate "2008.01.30"]
[SourceVersion "1"]
[SourceVersionDate "2008.01.30"]
[SourceQuality "1"]

1. e4 e5 2. Nf3 Nc6 3. Bb5 a6 4. Ba4 Nf6 5. O-O Be7 6. Re1 b5 7. Bb3 d6 8. c3 O-O 9. h3 Na5 10. Bc2 d5 $5 {This highly unusual move seems to be part of Carslen's special preparation for the World Cup 2008.} 11. d4 ({A couple of days later,} 11. exd5 {was tried in Adams,M (2729)-Carlsen,M (2714)/Khanty-Mansiysk RUS 2007/CBM 122/[Marin] (½-½, 83)}) 11... dxe4 12. Nxe5 c5 13. Bg5 {We are following the main theoretical stream still.} ({However, the solid} 13. Be3 {is less inoffensive than it might look.} Bb7 14. Nd2 Qd5 $6 {This pseudo-active move places the queen on a vulnerable square and deprives the f6-knight of the possibility of a jump to the centre.} (14... Qc7 $6 15. Bf4 $1 {[%csl Gc7,Ge4]}) (14... Rc8 $5 $13 {might be better} 15. Ng4 $140 Nd5 $1) 15. Ng4 $1 {[%csl Ge4]} cxd4 (15... Nxg4 16. hxg4 f5 17. gxf5 Qxf5 18. f3 $5 $14) 16. Bxd4 $1 e3 $5 (16... Nxg4 17. Qxg4 $18 {[%csl Ge4,Gg7]}) 17. Nxe3 Qc6 18. Nf3 $16 {Kotronias,V (2614)-Mastrovasilis,A (2529)/Igoumenitsa 2007 (1-0, 36)}) 13... Bb7 14. Nd2 (14. dxc5 {was played in Volokitin,A (2678)-Wojtaszek,R (2635)/Crete 2007/CBM 121/[Ftacnik] (0-1, 33), which also contains a survey of the variation.}) ({RR} 14. a4 cxd4 15. cxd4 b4 16. Nd2 Re8 17. Bxf6 Bxf6 18. Bxe4 Bxe4 19. Rxe4 Bxe5 20. dxe5 Qd5 21. Qe2 Rad8 22. Nf3 Nb3 23. Re1 a5 24. Ng5 Nc5 25. Qh5 h6 26. e6 fxe6 27. Re5 Qd7 28. Rxc5 hxg5 {Kamsky,G (2726)-Miton,K (2620) Dagomys 2008 1-0 (50)}) 14... cxd4 15. cxd4 {Black has obtained the control of the d5-square, but the vulnerability of the e4-pawn, combined with the activity of White's minor pieces and the relative weakness of the c5-square maintain the position quite tensioned.} Re8 (15... Qxd4 16. Nxe4 Qxd1 17. Raxd1 $14) 16. Nb3 $146 (16. Bxf6 {Charbonneau,P (2503)-Benjamin,J (2576)/ICC 2007 (0-1, 80)}) ({RR} 16. Bxf6 Bxf6 17. Nxe4 Bxe5 18. dxe5 Qxd1 19. Raxd1 Rxe5 20. Nd6 Rxe1+ 21. Rxe1 Bd5 22. a4 bxa4 23. Bxa4 Nc4 {½-½ (23) Prince,B (2333)-Prasanna Raghuram,R (2427) Mumbai 2014}) ({RR} 16. Bxf6 Bxf6 17. Nxe4 Bxe5 18. dxe5 Rxe5 19. Qxd8+ Rxd8 20. Nd6 Rxe1+ 21. Rxe1 Bd5 22. Nf5 Bxa2 23. Ra1 Nc6 24. Rxa2 Nb4 25. Ra3 Nxc2 26. Rxa6 g6 27. Rd6 Rxd6 28. Nxd6 Nd4 29. f4 Ne2+ 30. Kf1 Nxf4 {Guliyev,N (2521)-Nyback,T (2639) Germany 2009 ½-½ (44)}) 16... Nxb3 (16... Nc4 $5 {is an important alternative, preventing the activation of the Spanish bishop.}) 17. Bxb3 Nd5 {This move leaves the f7-pawn under the X-Ray attack of the b3-bishop. The merits of the move is that after the exchange of the g5-bishop Black will get some stability on dark squares.} (17... Bd5 $5 {should also be mentioned. Here, too, it is not easy for Black to neutralize White's pressure completely.} 18. Rc1 h6 (18... Rc8 $2 19. Rxc8 Qxc8 20. Bxf6 Bxb3 21. Qxb3 Bxf6 22. Qxf7+ $18) 19. Bh4 $14 (19. Bxf6 Bxf6 20. Rc5 Bxb3 21. Qxb3 Qxd4 22. Qxf7+ Kh8 $132)) 18. Bxe7 Rxe7 19. Rc1 Nf4 $6 {Black moves again with a well-placed piece, before having completed his development. Besides, the dangerous diagonal is opened.} ({The developing move} 19... Qd6 {would be more desirable.} 20. Rxe4 $5 ({This looks tempting, but maybe the more restrained} 20. Qc2 $14 {is better and only if} Rd8 {then} 21. Rxe4 $1 {for instance} Nb4 22. Nxf7 $1 Rxf7 23. Bxf7+ {[%cal Gg8f7,Gc2c7]} Kf8 24. Re6 Nxc2 25. Rxd6 Rxd6 26. Rxc2 Bxg2 27. Kxg2 Kxf7 $14) 20... f6 21. Rc5 $5 (21. f4 $5) 21... Rae8 {[%cal Gf6e5] fxe5.} (21... fxe5 $2 22. Rxd5 Bxd5 23. dxe5 Rxe5 24. Rxe5 Qxe5 25. Qxd5+ Qxd5 26. Bxd5+ Kf8 27. Bxa8 $18) 22. Nf7 $1 Kxf7 23. Bxd5+ Bxd5 24. Qh5+ Kf8 25. Rxd5 Qc6 26. Rxe7 Qc1+ $1 $11) 20. Qg4 Ng6 (20... Nd3 21. Qf5 $1 {[%csl Gf7]} Nxe5 22. dxe5 {transposes}) 21. Qf5 Nxe5 22. dxe5 Qf8 23. Rc5 Rd8 24. Rec1 $14 {Black is under serious pressure.} Qe8 25. Rc7 h6 26. R1c5 Rxc7 27. Rxc7 Bd5 28. Bxd5 Rxd5 29. Rc8 Rd8 30. Rc7 Rd1+ 31. Kh2 Rd5 32. Rc8 Rd8 33. Rxd8 Qxd8 34. Qxe4 Qd2 35. Qa8+ Kh7 36. Qe4+ Kg8 37. f4 Qxb2 38. e6 fxe6 39. Qxe6+ Kh7 40. Qe4+ Kh8 41. Qa8+ Kh7 42. Qxa6 Qd4 43. Qxb5 Qxf4+ 44. Kg1 Qd4+ 45. Kh2 1/2-1/2

[Event "FIDE World Cup"]
[Site "Khanty-Mansiysk"]
[Date "2007.12.01"]
[Round "3.2"]
[White "Carlsen, Magnus"]
[Black "Dominguez Perez, Leinier"]
[Result "1-0"]
[WhiteElo "2714"]
[BlackElo "2683"]
[PlyCount "83"]
[EventDate "2007.11.24"]
[EventType "k.o."]
[EventRounds "7"]
[EventCountry "RUS"]
[SourceTitle "CBM 122"]
[Source "ChessBase"]
[SourceDate "2008.01.30"]
[SourceVersion "1"]
[SourceVersionDate "2008.01.30"]
[SourceQuality "1"]

1. e4 c5 2. Nf3 d6 3. d4 cxd4 4. Nxd4 Nf6 5. Nc3 a6 6. Be2 e5 7. Nb3 Be7 8. Bg5 Be6 9. Bxf6 Bxf6 10. Qd3 Bg5 11. Rd1 Nc6 12. a3 Bxb3 ({RR} 12... O-O 13. O-O Rc8 14. h3 Qb6 15. Bg4 Nd4 16. Bxe6 fxe6 17. Nxd4 exd4 18. Ne2 e5 19. Rb1 Bd8 20. c3 Qb3 21. Rfd1 Bb6 22. cxd4 Qxd3 23. Rxd3 Rc2 24. Kf1 Bxd4 25. f3 Bxb2 26. Rb3 Bd4 27. Nxd4 {Harikrishna,P (2692)-Dominguez Perez,L (2726) Leon 2012 1-0 (65)}) 13. cxb3 Nd4 14. b4 Rc8 $146 ({RR} 14... g6 15. O-O O-O 16. Bg4 f5 17. Bh3 Kh8 18. exf5 gxf5 19. f4 Bf6 20. Bxf5 Nxf5 21. Qxf5 Bg7 {½-½ (21) Wen,Y (2497)-Wang,H (2684) Beijing 2008}) 15. O-O O-O 16. Bg4 Rc6 17. g3 g6 18. f4 Bh6 19. Rf2 Bg7 20. f5 Qg5 21. Bh3 Bh6 22. Re1 b5 23. Kg2 Ra8 24. fxg6 hxg6 25. Bd7 Rc4 26. b3 Rc7 27. Nd5 Rc1 28. h4 Rxe1 29. hxg5 Bxg5 30. Bg4 Ra1 31. a4 Kg7 32. Nc3 Ra3 33. axb5 axb5 34. Nxb5 Nxb5 35. Qxb5 Be3 36. Rf1 Ra2+ 37. Be2 R8a7 38. Kh3 Ra8 39. Bc4 Rh8+ 40. Kg4 Rh5 41. Rxf7+ Kh6 42. Qd7 1-0

[Event "FIDE World Cup"]
[Site "Khanty-Mansiysk"]
[Date "2007.12.04"]
[Round "4.2"]
[White "Adams, Michael"]
[Black "Carlsen, Magnus"]
[Result "1/2-1/2"]
[WhiteElo "2729"]
[BlackElo "2714"]
[Annotator "Marin,Mihail"]
[PlyCount "165"]
[EventDate "2007.11.24"]
[EventType "k.o."]
[EventRounds "7"]
[EventCountry "RUS"]
[SourceTitle "CBM 122"]
[Source "ChessBase"]
[SourceDate "2008.01.30"]
[SourceVersion "1"]
[SourceVersionDate "2008.01.30"]
[SourceQuality "1"]

1. e4 e5 2. Nf3 Nc6 3. Bb5 a6 4. Ba4 Nf6 5. O-O Be7 6. Re1 b5 7. Bb3 d6 8. c3 O-O 9. h3 Na5 10. Bc2 d5 11. exd5 ({Just few days ealrier, Carlsen found himself in some toruble after} 11. d4 {Dominguez Perez,L (2683)-Carlsen,M (2714)/Khanty-Mansiysk 2007/CBM 122/[Marin] (½-½, 45). However, it was obvious that he had found an improvement since he was ready to play the same line again. Besides, having familiarized himself during a couple of hours in an over-the-board game and whi knows how many others examining it before the tournament would have offerd him an advantage from practical point of view.}) 11... e4 12. Bxe4 {White has to give up the pride of his position.} (12. Ng5 {offers Black good play.} Nxd5 13. Nxe4 ({The tactical operation initiated with} 13. Nxh7 {wins two pawns after} Kxh7 14. Bxe4+ Kg8 15. Bxd5 Qxd5 16. Rxe7 {. However, White is strongly undderdeveloped (while the weakness of the d3-square makes one remember the games Paulsen-Morphy 1857 and Fischer-Matulovic 1970. In both games, Black installed a queen on d3, causing White huge problems in development, although in the second game he managed to survive somehow. Here, The least Black could do is} Be6 {winning the exchange. White should give up the rook for the e6-bishop, because} 17. Rxc7 Qd6 {would only make things worse.}) 13... f5 14. Ng3 f4 15. Ne4 f3 $40 16. d4 fxg2 17. Ng3 (17. Qh5 g6 18. Qh6 Rf5 19. Ng3 Bf8 20. Qd2 Rf7 $32 {Guliyev,N (2560)-Fressinet,L (2654)/Ajaccio 2007/CBM 120 ext (0-1, 36)}) 17... Qd6 18. Qd3 g6 19. Ne4 Qe6 20. Bh6 Nf4 21. Bxf4 Rxf4 $44 {Wang Hao (2624)-Jones,G (2526)/Liverpool 2007/CBM 120 (½-½, 104)}) 12... Nxe4 13. Rxe4 Bb7 {It can be expected that Black will get the usual... Marshall-Attack-like compensation for the pawn. His strong pair of bishops as well as White's delay in development make the small material defficit rather insignifiant.} 14. d4 Re8 $5 {A theoretical refinment. By defending the bishop, Black threatens to capture the d5-pawn with the queen, putting the enemy kingside under serious pressure.} (14... Bxd5 15. Re1 Qd6 16. b3 $1 Nc6 17. Be3 $6 ({This is unconsequent. The previous move was useful to restrict the enemy knight, but could also have been taken advantage of for an active development of the bishop with} 17. Ba3 b4 18. Bxb4 Nxb4 19. cxb4 Bxf3 20. Qxf3 Qxd4 21. Na3 Bxb4 22. Red1 Qh4 23. Nc4 $14 {With such a stable knight, White has a stable advantage.}) 17... f5 $44 {[%csl Ge3] Onischuk,V (2469)-Drozdovskij,Y (2567)/Kharkov 2007 (0-1, 44)}) 15. Bf4 ({RR} 15. Nbd2 Qxd5 16. Re1 Rad8 17. Nf1 c5 18. Ne3 Qh5 19. d5 Nc4 20. Nxc4 bxc4 21. Re5 Qg6 22. Qe2 Kf8 23. Qxc4 f6 24. Re1 Bxd5 25. Qg4 Qf7 26. b3 f5 27. Qg3 Bf6 28. Ne5 Qh5 29. Be3 Kg8 {Kryvoruchko,Y (2612)-Nyback,T (2587) Plovdiv 2008 ½-½ (88)}) ({RR} 15. Nbd2 Bxd5 16. Re1 Bd6 17. Rxe8+ Qxe8 18. Nf1 Nc4 19. b3 Nb6 20. Ne3 Be4 21. Bb2 Rd8 22. Nd2 Bb7 23. Rc1 Bf4 24. Ndf1 Rd6 25. c4 Rg6 26. d5 c6 27. Qd4 Bc7 28. Nf5 f6 29. d6 c5 {Ziobrowska,M (2071)-Domanski,W (1947) Polanica Zdroj POL 2025 0-1 (34)}) 15... Nc4 ({Once the c1-bishop has been developed on an active square,} 15... Qxd5 {allows White win some time to complete his development in adequate way after} 16. Re5 Qd7 17. Nbd2 {The importance of the bishop's good placement can be seen after} Bd6 $6 18. Rxe8+ Rxe8 19. Bxd6 $14) ({However, the immediate} 15... Bxd5 $5 {comes into consideration.}) 16. Re2 $146 ({The slightly paradoxical} 16. b3 Nb6 17. c4 {allows White retain some pressure. The d5-pawn will not be easy to win back.} bxc4 18. bxc4 Nxc4 19. Nc3 Nd6 (19... Nb6 20. Qb3 Bxd5 21. Bxc7 $1) 20. Re1 Nb5 21. Rc1 $14 {[%csl Gc7] Kaplan,S (2466)-Ragger,M (2528)/Yerevan 2007/CBM 120 ext (½-½, 51)}) 16... Bxd5 17. Ne5 Bg5 $146 ({RR} 17... Bd6 18. b3 Bxe5 19. dxe5 Nb6 20. Nd2 f6 21. Nf1 Bb7 22. Qxd8 Raxd8 23. Rae1 Nd5 24. Bd2 fxe5 25. Rxe5 Rxe5 26. Rxe5 Kf7 27. c4 bxc4 28. bxc4 Nf6 29. Rc5 c6 30. f3 Rd3 31. Kf2 Nd7 32. Rf5+ {Tukhaev,A (2498)-Ajrapetjan,Y (2490) Evpatoria 2008 ½-½ (54)}) 18. Bg3 ({Generally speaking, White would be interested to exchange these bishops, but his delay in development would leave him in trouble after} 18. Bxg5 $2 Qxg5 $17 {[%csl Ge5,Gg2]}) 18... Nxe5 19. Rxe5 Rxe5 20. Bxe5 Qd7 {White is close to complete his development and, unlike in the Marshall Attack, his king is in absolute safety. However, Black's firm control over the light squares keeps the position balanced.} 21. Na3 (21. Nd2 {would almost surely lead to a draw after} Bxd2 22. Qxd2 f6 23. Bg3 Re8 {It is virtually impossible for White to create a queenside passed pawn.}) 21... f6 22. Bg3 Qc6 23. f4 {The first significant weakness. Adams wanted the d2-square for his queen, but the e4-square will remain chronically weak now.} (23. f3 Re8 $44) 23... Bh6 24. Qd2 g6 (24... f5 $5 25. Nc2 Be4 {[%cal Gg7g6,Gh6f8,Gf8d6] would have allowed Black retain his pair of bishops.}) 25. Nc2 Bf8 26. f5 $1 $14 {White has managed to get rid of this pawn, opening the way to his passive bishop. It is hard to claim a clear advantage yet, but it is clear that only White can play for a win.} Re8 27. fxg6 hxg6 28. Rc1 Re4 29. b3 Qe6 30. Re1 c6 31. Kh2 a5 32. Qd3 f5 33. Be5 a4 34. Qg3 Rxe1 35. Nxe1 Be4 36. Nf3 {[%cal Gf3g5]} Bxf3 37. Qxf3 axb3 38. axb3 {A curious endgame. I would say that White is not without chances here, but Carlsen defends with such great confidence that the final part of the games leaves the sensation that the position is absolutely equal.} Be7 39. Kg1 Kf7 40. Kf2 Ke8 41. Qe2 Kf7 42. c4 bxc4 43. bxc4 Bh4+ 44. Kf1 Be7 45. Ke1 Bb4+ 46. Kd1 Be7 47. Kd2 Bb4+ 48. Kd3 Be7 49. Qe3 Ke8 50. Qh6 Kd7 51. Qh8 Bd8 52. Qg7+ Be7 53. Kc3 Ke8 54. Qh8+ Kd7 55. Qb8 Bd8 56. Kb3 Be7 57. Qb6 Ke8 58. Qb8+ Kf7 59. Kc3 Qd7 60. Qh8 Qe6 61. h4 Bf8 62. g3 Be7 63. c5 Bf8 64. Kb4 Be7 65. h5 gxh5 66. Qxh5+ Kf8 67. Qh8+ Kf7 68. Qh1 Ke8 69. Qf3 Kd7 70. Qd3 Bf8 71. Kc3 Be7 72. Qb1 Ke8 73. Qb7 Bd8 74. Kb4 Be7 75. Qa8+ Kd7 76. Qa7+ Ke8 77. Qa6 Kd7 78. Qa8 Bxc5+ $1 {Bravo Magnus! It is not easy to spot such chances after having been moving the pieces around for such a long time.} 79. dxc5 ({The black queen has sufficient mobility along diagonals to give perpetual check after} 79. Kxc5 Qd5+ 80. Kb6 (80. Kb4 $4 c5+ $1 $19) 80... Qb3+ 81. Ka7 Qa2+ (81... Qa3+ {is also possible} 82. Kb8 Qf8+) 82. Kb8 Qg8+ 83. Kb7 Qb3+) 79... Qxe5 80. Qb7+ Qc7 81. Qxc7+ Kxc7 82. Kc4 Kd7 83. Kd3 1/2-1/2

[Event "FIDE World Cup"]
[Site "Khanty-Mansiysk"]
[Date "2007.12.09"]
[Round "6.1"]
[White "Carlsen, Magnus"]
[Black "Kamsky, Gata"]
[Result "1/2-1/2"]
[WhiteElo "2714"]
[BlackElo "2714"]
[Annotator "Marin,Mihail"]
[PlyCount "42"]
[EventDate "2007.11.24"]
[EventType "k.o."]
[EventRounds "7"]
[EventCountry "RUS"]
[SourceTitle "CBM 122"]
[Source "ChessBase"]
[SourceDate "2008.01.30"]
[SourceVersion "1"]
[SourceVersionDate "2008.01.30"]
[SourceQuality "1"]

1. e4 e5 2. Nf3 Nc6 3. d4 exd4 4. Nxd4 Bc5 5. Nxc6 bxc6 $5 {Not a very common move.} (5... Qf6 {is almost authomatically played here, which is quite curious. The move itself is not bad, as proven by years and decades of practice. However, for the taste of certain players, it looks a bit like a premature commitment, which makes one wonder why the move played by Kamsky has not been taken too seriously before.}) 6. Bd3 {Just one of the possible moves here.} Qh4 {This is a more active way to attack the f2-pawn, leaving the f6-square available for the knight at the same time.} 7. Qe2 {The most natural, but not the only move tried here.} (7. O-O Nf6 8. Qd2 $6 {If we compare with the lines starting with 5...f6, this move leads to a less favourable position for White.} (8. h3 d6 {[%cal Gc8h3]} 9. Qf3 {looks more active.}) 8... O-O 9. Qf4 Qxf4 10. Bxf4 d6 11. Nd2 Nh5 12. Bg5 h6 13. Bh4 Nf4 14. Nb3 Nxd3 15. cxd3 Bb6 $15 {Alatortsev,V-Lilienthal,A/Leningrad 1935/[ChessBase] (0-1, 65)}) (7. Qf3 {places the queen on a slightly exposed square.} Nf6 8. Bf4 {This move allows Black open the centre with all the comfort.} (8. Nc3 $5 {deserves being investigated. The consequences of} Ng4 {are not entirely clear after} 9. g3 Ne5 10. Qxf7+ $1 Kxf7 11. gxh4 d5 $5 12. Be2 $1 {[%csl Gf3]}) 8... d5 $1 (8... O-O 9. Bg3 Qg5 10. Bf4 Qh4 11. Bg3 Qg5 12. Bf4 Qh4 {½-½ Ris,R (2395)-Winants,L (2504)/Netherlands 2007/CBM 120 ext}) 9. Nd2 O-O 10. O-O Bb6 11. h3 Be6 $11 {Mullon,J (2318)-Radulov,I (2359)/Clichy 2002/CBM 089 ext (0-1, 36)}) 7... Nf6 8. Be3 ({The attempt to harass the queen with the help of the pawns is rather time consuming:} 8. h3 O-O 9. g3 Qh5 10. g4 (10. Qxh5 Nxh5 11. Nc3 {Godena,M (2558)-Volke,K (2490)/Dresden 2007/CBM 118 (½-½, 15)} d5 $5 12. exd5 Re8+ 13. Kf1 cxd5 14. Nxd5 Bb7 15. c4 Nf6 16. Nxf6+ gxf6 17. Rh2 Rad8 $44) 10... Qh4 $6 (10... Qe5 $5 11. g5 Ne8 12. f4 Qe6 $132 {[%cal Gd7d5,Gf7f6] White's delay in development prevents him from maintaining his advantage of space.}) 11. Nd2 Ne8 12. Nb3 Be7 13. Nd4 Bc5 14. Nf5 $14 {Motylev,A (2641)-Liang Chong (2531)/Moscow 2001/CBM 086 (1-0, 53). White has almost completed his development and stands actively.}) 8... Bxe3 9. Qxe3 O-O 10. Nd2 Re8 $1 (10... d6 {defines the central structure too soon.} 11. Nf3 (11. h3 Ng4 12. Nf3 Qh5 13. Qd4 c5 14. Qc3 Re8 15. O-O Ne5 16. Nxe5 Qxe5 17. Qxe5 Rxe5 $11 {Van der Wiel,J (2570)-Winants,L (2495)/Netherlands 1994/EXT 98 (½-½, 38)}) 11... Qh5 12. O-O Re8 13. Rfe1 Bg4 14. Nd2 Bd7 15. Qg3 Rab8 16. b3 c5 17. Nc4 $14 {Lecroq,M (2578)-Martin Clemente,J (2569)/ICCF corr 2000/ICCF Telechess CBM 94 (½-½, 28). White has an harmonious display of forces and the better structure.}) 11. O-O ({Now,} 11. Nf3 Qh5 12. O-O {could be met by} d5 $1 $36 {without loss of time.}) 11... d6 12. Rae1 $146 ({It is questionable whether this novelty, concentrating the forces on the kingside in a mechanical way, is really better than the previously played} 12. Rfe1 Ng4 (12... a5 $5 13. Nf3 Qh5 14. h3 {[%cal Ga1d1] offers White a better version of the game.}) 13. Qg3 Qxg3 14. hxg3 Rb8 15. b3 Ne5 16. Be2 c5 17. f4 Nc6 18. c3 h6 19. Bf3 Bb7 20. Nc4 $14 {Chytilek,R (2386)-Timoscenko,G (2513)/Czechia 2001/EXT 2003 (½-½, 48). White has consolidated his advantage of space and retains the more flexible pawn structure.}) 12... a5 {[%csl Ga2]} 13. Qg3 $146 (13. Nf3 Qh5 {[%csl Gf1] leaves the f1-rook misplaced now.}) ({RR} 13. Nf3 Qh5 14. Qf4 Nd7 15. Nd4 Qc5 16. Nf3 f6 17. b3 Ba6 18. Bxa6 Rxa6 19. Re2 a4 20. Rd1 Qa3 21. e5 Qc5 22. b4 Qb5 23. Nd4 Qc4 24. e6 Ne5 25. Qg3 Ng6 26. c3 c5 27. bxc5 Qxc5 {Goumas,G (2378)-Kosakowski,J (2415) Krakow 2019 0-1 (39)}) ({RR} 13. a4 Nd5 14. Qg3 Qxg3 15. hxg3 Nb4 16. Rc1 Be6 17. Be2 Reb8 18. b3 f5 19. c3 Na6 20. exf5 Bxf5 21. Bxa6 Rxa6 22. c4 Re8 {½-½ (22) Saurabh,A (2258)-Herraiz Hidalgo,H (2421) Barbera del Valles 2018}) 13... Qxg3 14. hxg3 {We have reached the same structure as in Timoscenko's game, but Black has avoided the losses of time cause by the knight's jumping around.} a4 $11 {Besdies, the pressure exerted against the enemy queenside will soon allow him get rid of his main structural weakness, the a-pawn and open the a-file for the rook.} 15. f3 Be6 16. b3 Nd7 17. Re3 axb3 18. axb3 Ne5 19. Be2 Ra2 20. Rc3 c5 21. b4 cxb4 (21... cxb4 22. Rxc7 Rc8 23. Rxc8+ Bxc8 24. Rc1 Be6 $11 {[%cal Gg8f8,Gf8e7]}) 1/2-1/2